Between understanding and trust : (Record no. 18343)

000 -LEADER
fixed length control field 00759cam a2200253 a 4500
020 ## - INTERNATIONAL STANDARD BOOK NUMBER
ISBN 9058230074
040 ## - CATALOGING SOURCE
Transcribing agency UKM
082 00 - DEWEY DECIMAL CLASSIFICATION NUMBER
Classification number 303 HAR 2000 C142 Or.
245 00 - TITLE STATEMENT
Title Between understanding and trust :
Remainder of title the public, science and technology /
260 ## - PUBLICATION, DISTRIBUTION, ETC. (IMPRINT)
Place of publication Australia :
Name of publisher Harwood Academic,
Year of publication c2000.
300 ## - PHYSICAL DESCRIPTION
Number of Pages xv, 381 p. :
Other physical details ill. ;
Dimensions 24 cm.
650 #0 - SUBJECT ADDED ENTRY--TOPICAL TERM
Topical Term Science
650 #0 - SUBJECT ADDED ENTRY--TOPICAL TERM
Topical Term Mass media and technology.
650 #0 - SUBJECT ADDED ENTRY--TOPICAL TERM
Topical Term Technology
650 #0 - SUBJECT ADDED ENTRY--TOPICAL TERM
Topical Term Technological innovations
650 #6 - SUBJECT ADDED ENTRY--TOPICAL TERM
Topical Term Sciences
650 #6 - SUBJECT ADDED ENTRY--TOPICAL TERM
Topical Term Médias et technologie.
650 #6 - SUBJECT ADDED ENTRY--TOPICAL TERM
Topical Term Technologie
650 #6 - SUBJECT ADDED ENTRY--TOPICAL TERM
Topical Term Innovations
700 1# - ADDED ENTRY--PERSONAL NAME
Personal name Dierkes, Meinolf.
700 1# - ADDED ENTRY--PERSONAL NAME
Personal name Grote, Claudia von.
856 42 - ELECTRONIC LOCATION AND ACCESS
Uniform Resource Identifier http://www.loc.gov/catdir/enhancements/fy0653/2002421686-d.html
942 ## - ADDED ENTRY ELEMENTS (KOHA)
Koha item type ADB
952 ## - LOCATION AND ITEM INFORMATION (KOHA)
Withdrawn status [LOCAL, KOHA] 0
Holdings
Source of acquisition Permanent Location Date acquired Koha item type Lost status Shelving location Current Location Full call number
A36679Library Block C2019-11-01សៀវភៅភាសាអង់គ្លេស C142Library Block C303 HAR 2000 C142 Or.
មជ្ឈមណ្ឌលឯការនៃសាកលវិទ្យាល័យភូមិន្ទកសិកម្មចំការដូង

Powered by Koha